| 000 | 00324nam a22001217a 4500 | ||
|---|---|---|---|
| 008 | 230703b xxu||||| |||| 00| 0 eng d | ||
| 082 |
_a352 _bSEV |
||
| 100 | _cPeter Sevareid | ||
| 245 | _aThe Local Government Regulations 1963 | ||
| 260 |
_aKenya _bKenya Institute of Administration _c1976 |
||
| 300 | _a137p | ||
| 942 |
_2ddc _cBK |
||
| 999 |
_c3165 _d3165 |
||